Piłkarz, siatkarz, koszykarz czy skoczek narciarski? #4 - Statystyki

Ogólne statystyki
  • Ten quiz został rozwiązany 43 razy
  • Średni wynik to 14 z 15
Statystyki odpowiedzi
Zagadnienie Odpowiedź % Poprawnych
Który sport uprawia Jakub Kochanowski? Siatkówka
100%
Który sport uprawia Piotr Żyła? Skoki narciarskie
100%
Który sport uprawia LeBron James? Koszykówka
98%
Który sport uprawia Łukasz Fabiański? Piłka nożna
98%
Który sport uprawia Timi Zajc? Skoki narciarskie
98%
Który sport uprawia Łukasz Piszczek? Piłka nożna
95%
Który sport uprawia Noriaki Kasai? Skoki narciarskie
93%
Który sport uprawia Karl Geiger? Skoki narciarskie
93%
Który sport uprawia Stephen Curry? Koszykówka
91%
Który sport uprawia Leroy Sane? Piłka nożna
91%
Który sport uprawia Devin Booker? Koszykówka
88%
Który sport uprawia Hakan Çalhanoğlu? Piłka nożna
88%
Który sport uprawiał Paweł Zagumny? Siatkówka
88%
Który sport uprawia Viktor Gyökeres? Piłka nożna
86%
Który sport uprawia Damian Lillard? Koszykówka
67%
Nie znaleziono quizów pasujących do podanych kryteriów
Rozkład punktacji
Procent ludzi z każdym wynikiem
Percentyl według liczby udzielonych odpowiedzi
Twoja historia wyników
Nie rozwiązałeś tego quizu